000 00336nab a22001097u 4500
008 130520b1986 xxu||||| |||| 00| 0 spa d
041 _aspa
100 1 _aDulles, Avery
_99936
245 0 0 _aLa eclesiología católica a partir del Vaticano II
_cAvery Dulles
773 0 _tConcilium
_gV.2,1986,págs.321-335
_x0210-1041
_wRev134
942 _cAR
999 _c355226
_d355226